Бухгалтерский учет в инновационной экономике; Экономика России в XXI веке

Bibliographische Detailangaben
Parent link:Экономика России в XXI веке.— 2011.— С. 7-9
1. Verfasser: Акулич Е. И. Екатерина Игоревна
Sprache:Russisch
Veröffentlicht: 2011
Schriftenreihe:Современные тенденции бухгалтерского учета и аудита
Schlagworte:
Format: Buchkapitel
KOHA link:https://koha.lib.tpu.ru/cgi-bin/koha/opac-detail.pl?biblionumber=235629

MARC

LEADER 00000naa2a2200000 4500
001 235629
005 20231031204307.0
035 |a (RuTPU)RU\TPU\book\256769 
035 |a RU\TPU\book\253536 
090 |a 235629 
100 |a 20130412d2011 k y0rusy50 ca 
101 0 |a rus 
102 |a RU 
200 1 |a Бухгалтерский учет в инновационной экономике  |f Е. И. Акулич 
225 1 |a Современные тенденции бухгалтерского учета и аудита 
320 |a Библиогр.: с. 9 (5 назв.) 
463 0 |0 (RuTPU)RU\TPU\book\250468  |t Экономика России в XXI веке  |o сборник научных трудов VIII Всероссийской научно-практической конференции "Фундаментальные проблемы модернизации экономики России", г. Томск, 15-18 ноября 2011 г.  |f Национальный исследовательский Томский политехнический университет (ТПУ), Инженерно-экономический факультет ; под ред. Г. А. Барышевой, Л. М. Борисовой  |v С. 7-9  |d 2011  |p 420 с. 
610 1 |a труды учёных ТПУ 
610 1 |a бухгалтерский учет 
610 1 |a инновационная экономика 
610 1 |a российская экономика 
610 1 |a модели развития 
610 1 |a инновационное развитие 
700 1 |a Акулич  |b Е. И.  |g Екатерина Игоревна 
801 1 |a RU  |b 63413507  |c 20121214 
801 2 |a RU  |b 63413507  |c 20130412  |g RCR 
942 |c BK